书目信息 |
| 题名: |
易经
|
|
| 作者: | 理雅各 译 ;马吉照 白话文校注 | |
| 分册: | ||
| 出版信息: | 郑州 中州古籍出版社 2016 |
|
| 页数: | 199页 | |
| 开本: | 22cm | |
| 丛书名: | ||
| 单 册: | ||
| 中图分类: | B221.1 | |
| 科图分类: | ||
| 主题词: | ||
| 电子资源: | ||
| ISBN: | 978-7-5348-6423-0 | |
| 000 | 01125nam0 2200277 450 | |
| 001 | 012001002037 | |
| 005 | 20140926114739.0 | |
| 010 | @a978-7-5348-6423-0@dCNY38.00 | |
| 100 | @a20161031d2016 em y0chiy50 ea | |
| 101 | 2 | @achi@aeng@cchi |
| 102 | @aCN@b410000 | |
| 105 | @ay z 000yy | |
| 106 | @ar | |
| 200 | 1 | @a易经@9yi jing@dThe book of changes@g马吉照校注@zeng@f佚名原著@g(英)James Legge译 |
| 210 | @a郑州@c中州古籍出版社@d2016 | |
| 215 | @a199页@d22cm | |
| 300 | @a英汉双语国学经典 理雅各权威英译本 | |
| 314 | @a责任者规范汉译姓: 理雅各 | |
| 330 | @a《易经》即《周易》,是中国传统思想文化中自然哲学与人文实践的理论根源,是古代汉民族思想、智慧的结晶,被誉为“大道之源”。内容极其丰富,对中国几千年来的政治、经济、文化等各个领域都产生了极其深刻的影响。先秦有专门讲解易经的经师。英语部分是对白话文的翻译。理雅各译本是公认的权威翻译版本。 | |
| 510 | 1 | @aBook of changes@zeng |
| 610 | 0 | @a周易@x英语@x汉语 |
| 690 | @aB221.1@v5 | |
| 701 | 0 | @c(英)@a理雅各@9li ya ge@c(Legge, James)@4译 |
| 702 | 0 | @a马吉照@9ma ji zhao@4白话文校注 |
| 801 | 0 | @aCN@b上海新华@c20180901 |
| 905 | @b1044961-3@dB221.1@e832@f3 | |
| 易经=The book of changes/马吉照校注/佚名原著/(英)James Legge译.-郑州:中州古籍出版社,2016 |
| 199页;22cm |
| 英汉双语国学经典 理雅各权威英译本 |
| ISBN 978-7-5348-6423-0:CNY38.00 |
| 《易经》即《周易》,是中国传统思想文化中自然哲学与人文实践的理论根源,是古代汉民族思想、智慧的结晶,被誉为“大道之源”。内容极其丰富,对中国几千年来的政治、经济、文化等各个领域都产生了极其深刻的影响。先秦有专门讲解易经的经师。英语部分是对白话文的翻译。理雅各译本是公认的权威翻译版本。 |
| ● |
| 相关链接 |
|
|
|
|
正题名:易经
索取号:B221.1/832
 
预约/预借
| 序号 | 登录号 | 条形码 | 馆藏地/架位号 | 状态 | 备注 |
| 1 | 1044961 | 210449610 | 第一样本阅览室/ [索取号:B221.1/832] | 在馆 | |
| 2 | 1044962 | 210449629 | 第一借阅区/ [索取号:B221.1/832] | 在馆 | |
| 3 | 1044963 | 210449638 | 第一借阅区/ [索取号:B221.1/832] | 在馆 |